[Event "US Amateur Team West Championship"]
[Site "chess24.com"]
[Date "2020.02.16"]
[Round "3"]
[White "Jhunjhnuwala, Suresh"]
[Black "Krishnan, Saatvik"]
[Result "0-1"]
[Board "4"]
[WhiteFideId "2062313"]
[WhiteElo "1864"]
[WhiteCountry "USA"]
[WhiteEloChange "-15"]
[BlackFideId "30957125"]
[BlackElo "1671"]
[BlackCountry "USA"]
[BlackEloChange "15"]

1. e4 {[%clk 2:00:00]} e5 {[%clk 1:59:48]} 2. Nf3 {[%clk 1:59:53]} Nc6 {[%clk
1:59:40]} 3. Bc4 {[%clk 1:59:15]} Nf6 {[%clk 1:59:29]} 4. d3 {[%clk 1:56:33]} Bc5
{[%clk 1:59:18]} 5. O-O {[%clk 1:56:19]} O-O {[%clk 1:59:03]} 6. Bg5 {[%clk
1:54:29]} h6 {[%clk 1:58:25]} 7. Bh4 {[%clk 1:54:18]} d6 {[%clk 1:56:36]} 8. h3
{[%clk 1:54:04]} Be6 {[%clk 1:55:46]} 9. Bxe6 {[%clk 1:52:11]} fxe6 {[%clk
1:55:39]} 10. c3 {[%clk 1:52:07]} Bb6 {[%clk 1:51:16]} 11. Nbd2 {[%clk 1:49:27]}
d5 {[%clk 1:49:29]} 12. Qe2 {[%clk 1:34:25]} Qd6 {[%clk 1:47:25]} 13. Bg3 {[%clk
1:22:28]} Nh5 {[%clk 1:41:44]} 14. Bh2 {[%clk 1:22:28]} Nf4 {[%clk 1:41:06]} 15.
Bxf4 {[%clk 1:22:28]} Rxf4 {[%clk 1:40:36]} 16. b4 {[%clk 1:17:10]} a6 {[%clk
1:33:47]} 17. a4 {[%clk 1:16:49]} Raf8 {[%clk 1:24:05]} 18. Kh1 {[%clk 1:03:12]}
Ne7 {[%clk 1:19:09]} 19. exd5 {[%clk 0:53:39]} exd5 {[%clk 1:17:58]} 20. Qxe5
{[%clk 0:50:35]} Qxe5 {[%clk 1:17:01]} 21. Nxe5 {[%clk 0:50:35]} Rxf2 {[%clk
1:15:48]} 22. Ndf3 {[%clk 0:44:53]} Rxf1+ {[%clk 1:08:11]} 23. Rxf1 {[%clk
0:44:53]} Nf5 {[%clk 1:07:32]} 24. Rd1 {[%clk 0:37:25]} Ng3+ {[%clk 1:04:35]} 25.
Kh2 {[%clk 0:35:56]} Ne2 {[%clk 1:03:55]} 26. c4 {[%clk 0:28:23]} Rd8 {[%clk
0:59:14]} 27. c5 {[%clk 0:23:10]} Ba7 {[%clk 0:58:54]} 28. c6 {[%clk 0:21:36]}
Rd6 {[%clk 0:46:34]} 29. Rd2 {[%clk 0:08:15]} Nd4 {[%clk 0:43:10]} 30. b5 {[%clk
0:01:20]} Nxf3+ {[%clk 0:42:03]} 31. gxf3 {[%clk 0:01:09]} axb5 {[%clk 0:40:33]}
32. axb5 {[%clk 0:01:09]} Re6 {[%clk 0:38:59]} 33. d4 {[%clk 0:01:07]} bxc6
{[%clk 0:37:59]} 34. Nxc6 {[%clk 0:01:07]} Bb6 {[%clk 0:37:40]} 35. Kg2 {[%clk
0:01:07]} Re3 {[%clk 0:37:09]} 36. Rb2 {[%clk 0:00:42]} Kf7 {[%clk 0:35:45]} 37.
Kf2 {[%clk 0:00:38]} Re8 {[%clk 0:34:48]} 38. Kf1 {[%clk 0:00:38]} Kf6 {[%clk
0:34:36]} 39. Kf2 {[%clk 0:00:38]} Kf5 {[%clk 0:34:13]} 40. Kg3 {[%clk 0:00:38]}
g5 {[%clk 0:33:34]} 41. h4 {[%clk 0:00:06]} gxh4+ {[%clk 0:32:54]} 42. Kxh4
{[%clk 0:00:06]} Kf4 {[%clk 0:32:42]} 43. Rb3 {[%clk 0:29:47]} Re3 {[%clk
1:01:37]} 44. Rxe3 {[%clk 0:26:54]} Kxe3 {[%clk 1:01:28]} 45. Kg4 {[%clk
0:26:53]} h5+ {[%clk 0:59:20]} 46. Kxh5 {[%clk 0:26:22]} Kxf3 {[%clk 0:59:04]}
47. Kh4 {[%clk 0:09:39]} Ke4 {[%clk 0:58:06]} 48. Kg3 {[%clk 0:09:38]} Bxd4
{[%clk 0:57:41]} 49. Kg2 {[%clk 0:09:05]} Bb6 {[%clk 0:57:23]} 50. Kf1 {[%clk
0:08:36]} Kd3 {[%clk 0:56:33]} 51. Ke1 {[%clk 0:07:35]} Kc4 {[%clk 0:55:18]} 52.
Kd2 {[%clk 0:03:16]} Kxb5 {[%clk 0:54:53]} 53. Ne5 {[%clk 0:02:42]} c5 {[%clk
0:54:26]} 54. Kc2 {[%clk 0:01:29]} Bc7 {[%clk 0:53:57]} 55. Nd3 {[%clk 0:01:16]}
c4 {[%clk 0:53:48]} 56. Nf2 {[%clk 0:00:19]} Be5 {[%clk 0:53:10]} 57. Nd1 {[%clk
0:00:10]} Bd4 {[%clk 0:52:54]} 0-1

[Event "US Amateur Team West Championship"]
[Site "chess24.com"]
[Date "2020.02.17"]
[Round "4"]
[White "Zierk, Steven"]
[Black "Kiewra, Keaton"]
[Result "1-0"]
[Board "1"]
[WhiteFideId "2034255"]
[WhiteTitle "GM"]
[WhiteElo "2497"]
[WhiteCountry "USA"]
[WhiteEloChange "3"]
[BlackFideId "2019280"]
[BlackTitle "IM"]
[BlackElo "2371"]
[BlackCountry "USA"]
[BlackEloChange "-7"]

1. e4 {[%clk 2:00:00]} c5 {[%clk 1:59:54]} 2. Nf3 {[%clk 2:00:00]} d6 {[%clk
1:59:48]} 3. d4 {[%clk 1:59:26]} Nf6 {[%clk 1:59:46]} 4. dxc5 {[%clk 1:53:19]}
Qa5+ {[%clk 1:59:30]} 5. Bd2 {[%clk 1:52:23]} Qxc5 {[%clk 1:59:27]} 6. Nc3 {[%clk
1:51:17]} g6 {[%clk 1:58:23]} 7. h3 {[%clk 1:48:50]} Bg7 {[%clk 1:58:13]} 8. Bd3
{[%clk 1:44:39]} O-O {[%clk 1:57:40]} 9. O-O {[%clk 1:43:26]} Be6 {[%clk
1:54:33]} 10. Be3 {[%clk 1:39:41]} Qa5 {[%clk 1:54:13]} 11. Nd4 {[%clk 1:38:22]}
Bd7 {[%clk 1:52:07]} 12. Nb3 {[%clk 1:33:35]} Qc7 {[%clk 1:50:07]} 13. f4 {[%clk
1:30:50]} Nc6 {[%clk 1:48:35]} 14. a3 {[%clk 1:29:33]} Rac8 {[%clk 1:45:39]} 15.
Qe1 {[%clk 1:25:20]} Na5 {[%clk 1:40:51]} 16. Nd2 {[%clk 1:20:23]} Nc6 {[%clk
1:35:09]} 17. Qf2 {[%clk 1:15:41]} Qb8 {[%clk 1:30:12]} 18. Rab1 {[%clk 1:10:45]}
Rfd8 {[%clk 1:28:02]} 19. Nd5 {[%clk 1:05:59]} b5 {[%clk 1:22:42]} 20. b4 {[%clk
1:02:38]} Qb7 {[%clk 1:18:08]} 21. a4 {[%clk 0:58:23]} Nxd5 {[%clk 1:15:29]} 22.
exd5 {[%clk 0:58:16]} Nb8 {[%clk 1:15:25]} 23. axb5 {[%clk 0:56:40]} Qxd5 {[%clk
1:13:30]} 24. Qf3 {[%clk 0:54:16]} Qa2 {[%clk 1:04:27]} 25. Qb7 {[%clk 0:49:40]}
Bf5 {[%clk 0:59:09]} 26. Qxa7 {[%clk 0:47:23]} Qxa7 {[%clk 0:54:57]} 27. Bxa7
{[%clk 0:47:23]} Rd7 {[%clk 0:53:00]} 28. Be3 {[%clk 0:44:55]} Rb7 {[%clk
0:50:23]} 29. b6 {[%clk 0:38:02]} Bxd3 {[%clk 0:36:50]} 30. cxd3 {[%clk 0:38:02]}
Nd7 {[%clk 0:35:54]} 31. Nc4 {[%clk 0:37:34]} Rbb8 {[%clk 0:35:49]} 32. b5 {[%clk
0:31:49]} Bf8 {[%clk 0:30:52]} 33. Rfc1 {[%clk 0:27:18]} f6 {[%clk 0:28:36]} 34.
Ra1 {[%clk 0:19:36]} Nc5 {[%clk 0:26:46]} 35. Na5 {[%clk 0:18:07]} Rxb6 {[%clk
0:25:30]} 36. d4 {[%clk 0:17:39]} Rxb5 {[%clk 0:25:27]} 37. dxc5 {[%clk 0:17:37]}
dxc5 {[%clk 0:25:27]} 38. Nc4 {[%clk 0:16:42]} Rd8 {[%clk 0:22:56]} 39. Rab1
{[%clk 0:12:24]} Rxb1 {[%clk 0:22:16]} 40. Rxb1 {[%clk 0:12:24]} Rd5 {[%clk
0:21:48]} 41. Kf2 {[%clk 0:11:28]} h6 {[%clk 0:21:07]} 42. Ke2 {[%clk 0:08:32]}
e6 {[%clk 0:20:30]} 43. Nb6 {[%clk 0:06:53]} Rd8 {[%clk 0:20:19]} 44. Rd1 {[%clk
0:06:32]} Rxd1 {[%clk 0:19:44]} 45. Kxd1 {[%clk 0:06:32]} Bd6 {[%clk 0:18:29]}
46. Nd7 {[%clk 0:03:37]} Kf7 {[%clk 0:18:16]} 47. Nxc5 {[%clk 0:03:24]} g5 {[%clk
0:18:08]} 48. Nd3 {[%clk 0:02:06]} Kg6 {[%clk 0:17:58]} 49. Ke2 {[%clk 0:01:57]}
Kf5 {[%clk 0:15:59]} 50. Kf3 {[%clk 0:01:32]} Bc7 {[%clk 0:15:09]} 51. Nc5 {[%clk
0:00:09]} gxf4 {[%clk 0:14:37]} 52. Bxf4 {[%clk 0:29:47]} Bxf4 {[%clk 0:40:52]}
53. g4+ {[%clk 0:29:46]} Kg6 {[%clk 0:40:49]} 54. Kxf4 {[%clk 0:29:46]} Kf7
{[%clk 0:40:49]} 55. Ke4 {[%clk 0:26:00]} 1-0

[Event "US Amateur Team West Championship"]
[Site "chess24.com"]
[Date "2020.02.17"]
[Round "4"]
[White "Griffith, Kyron"]
[Black "Vidyarthi, Vyom"]
[Result "1-0"]
[Board "2"]
[WhiteFideId "2046318"]
[WhiteTitle "FM"]
[WhiteElo "2343"]
[WhiteCountry "USA"]
[WhiteEloChange "3"]
[BlackFideId "30931649"]
[BlackTitle "CM"]
[BlackElo "2064"]
[BlackCountry "USA"]
[BlackEloChange "-3"]

1. e4 {[%clk 2:00:00]} e5 {[%clk 2:00:00]} 2. Nf3 {[%clk 2:00:00]} Nc6 {[%clk
2:00:00]} 3. Nc3 {[%clk 2:00:00]} Nf6 {[%clk 2:00:00]} 4. d4 {[%clk 2:00:00]}
exd4 {[%clk 2:00:00]} 5. Nxd4 {[%clk 2:00:00]} Bb4 {[%clk 1:59:59]} 6. Nxc6
{[%clk 2:00:00]} bxc6 {[%clk 1:59:59]} 7. Bd3 {[%clk 2:00:00]} d5 {[%clk
1:59:59]} 8. exd5 {[%clk 2:00:00]} cxd5 {[%clk 1:59:59]} 9. O-O {[%clk 1:59:58]}
O-O {[%clk 1:59:59]} 10. Bg5 {[%clk 1:59:58]} c6 {[%clk 1:59:57]} 11. Qf3 {[%clk
1:59:58]} Bd6 {[%clk 1:59:51]} 12. Rfe1 {[%clk 1:59:55]} Rb8 {[%clk 1:58:54]} 13.
b3 {[%clk 1:59:54]} Be6 {[%clk 1:55:33]} 14. Ne2 {[%clk 1:56:46]} h6 {[%clk
1:51:01]} 15. Bxf6 {[%clk 1:54:52]} Qxf6 {[%clk 1:50:55]} 16. Qxf6 {[%clk
1:54:52]} gxf6 {[%clk 1:50:50]} 17. Ng3 {[%clk 1:49:34]} Rfe8 {[%clk 1:48:37]}
18. Nf5 {[%clk 1:45:44]} Bxf5 {[%clk 1:46:02]} 19. Bxf5 {[%clk 1:45:36]} Re5
{[%clk 1:44:17]} 20. Bd7 {[%clk 1:43:43]} Rd8 {[%clk 1:42:29]} 21. Bg4 {[%clk
1:39:41]} Bb4 {[%clk 1:41:53]} 22. Re2 {[%clk 1:38:41]} Bc3 {[%clk 1:39:28]} 23.
Rd1 {[%clk 1:38:29]} Rxe2 {[%clk 1:36:26]} 24. Bxe2 {[%clk 1:38:29]} Re8 {[%clk
1:36:17]} 25. Kf1 {[%clk 1:38:12]} d4 {[%clk 1:35:35]} 26. Rd3 {[%clk 1:29:57]}
c5 {[%clk 1:33:44]} 27. Rh3 {[%clk 1:19:04]} Kg7 {[%clk 1:33:17]} 28. f4 {[%clk
1:18:27]} Bd2 {[%clk 1:31:40]} 29. g3 {[%clk 1:14:50]} Re7 {[%clk 1:30:14]} 30.
Rh5 {[%clk 1:14:08]} Bb4 {[%clk 1:30:00]} 31. Rd5 {[%clk 1:13:54]} a5 {[%clk
1:29:36]} 32. Kf2 {[%clk 1:12:43]} Ba3 {[%clk 1:28:51]} 33. Rd8 {[%clk 1:08:34]}
Ra7 {[%clk 1:24:37]} 34. Bd3 {[%clk 1:06:34]} a4 {[%clk 1:21:14]} 35. Kf3 {[%clk
0:59:27]} Bb4 {[%clk 1:04:00]} 36. Kg4 {[%clk 0:58:45]} axb3 {[%clk 1:02:45]} 37.
axb3 {[%clk 0:58:42]} Rc7 {[%clk 0:51:15]} 38. Kf5 {[%clk 0:57:18]} Ba3 {[%clk
0:50:20]} 39. Ra8 {[%clk 0:53:43]} Bb4 {[%clk 0:50:13]} 40. Ra6 {[%clk 0:53:20]}
Bc3 {[%clk 0:50:05]} 41. Bc4 {[%clk 0:53:17]} Bb2 {[%clk 0:49:53]} 42. h4 {[%clk
0:50:38]} Bc3 {[%clk 0:49:15]} 43. h5 {[%clk 0:50:33]} Bb2 {[%clk 0:45:14]} 44.
g4 {[%clk 0:49:26]} Bc1 {[%clk 0:44:56]} 45. Ra8 {[%clk 0:42:28]} Rd7 {[%clk
0:34:20]} 46. Bd3 {[%clk 0:33:20]} Re7 {[%clk 0:31:35]} 47. Be4 {[%clk 0:31:52]}
Rc7 {[%clk 0:30:59]} 48. Rd8 {[%clk 0:29:42]} Bd2 {[%clk 0:23:31]} 49. Bd5 {[%clk
0:27:47]} Bc1 {[%clk 0:07:32]} 50. Re8 {[%clk 0:27:01]} Rd7 {[%clk 0:06:47]} 51.
Bc4 {[%clk 0:25:19]} Bd2 {[%clk 0:04:14]} 52. Bd3 {[%clk 0:22:04]} Rc7 {[%clk
0:03:41]} 53. Ke4 {[%clk 0:21:53]} Bc1 {[%clk 0:03:14]} 54. Bc4 {[%clk 0:16:59]}
Rd7 {[%clk 0:01:39]} 55. Bd3 {[%clk 0:09:32]} Rc7 {[%clk 0:01:32]} 56. f5 {[%clk
0:09:04]} Rd7 {[%clk 0:29:56]} 57. Bb5 {[%clk 0:38:17]} Rb7 {[%clk 0:28:06]} 58.
Bc6 {[%clk 0:37:38]} Ra7 {[%clk 0:26:27]} 59. Kd3 {[%clk 0:36:15]} Rc7 {[%clk
0:25:45]} 60. Bd5 {[%clk 0:35:36]} Ba3 {[%clk 0:25:11]} 61. Kc4 {[%clk 0:35:11]}
Bb4 {[%clk 0:24:30]} 62. Kb5 {[%clk 0:34:02]} Rd7 {[%clk 0:24:07]} 63. Bc4 {[%clk
0:32:38]} Ra7 {[%clk 0:18:54]} 64. Kb6 {[%clk 0:32:12]} Rd7 {[%clk 0:18:54]} 65.
Kc6 {[%clk 0:30:31]} Ra7 {[%clk 0:18:54]} 66. Bd5 {[%clk 0:30:31]} Ra6+ {[%clk
0:18:09]} 67. Kb5 {[%clk 0:27:20]} Ra7 {[%clk 0:17:58]} 68. Kb6 {[%clk 0:22:57]}
Rd7 {[%clk 0:17:40]} 69. Bc4 {[%clk 0:22:38]} Ba3 {[%clk 0:17:04]} 70. Ra8 {[%clk
0:22:26]} Bb4 {[%clk 0:16:54]} 71. Kc6 {[%clk 0:21:46]} Re7 {[%clk 0:16:54]} 72.
Bd5 {[%clk 0:21:02]} Kh7 {[%clk 0:16:08]} 73. Ra4 {[%clk 0:20:18]} Kg7 {[%clk
0:15:35]} 74. Kd6 {[%clk 0:19:37]} Re8 {[%clk 0:15:04]} 75. Bc4 {[%clk 0:19:03]}
Rd8+ {[%clk 0:11:38]} 76. Ke7 {[%clk 0:18:53]} Rb8 {[%clk 0:11:38]} 77. Ra7
{[%clk 0:18:51]} Rb6 {[%clk 0:11:22]} 78. Bxf7 {[%clk 0:15:39]} c4+ {[%clk
0:11:19]} 79. Kd8 {[%clk 0:15:39]} Rd6+ {[%clk 0:10:20]} 80. Ke8 {[%clk 0:14:53]}
cxb3 {[%clk 0:08:56]} 81. Bxb3+ {[%clk 0:14:52]} Kh8 {[%clk 0:08:53]} 82. Kf7
{[%clk 0:14:31]} Kh7 {[%clk 0:08:09]} 83. Be6 {[%clk 0:14:25]} Bc5 {[%clk
0:07:02]} 84. Rb7 {[%clk 0:14:25]} Rb6 {[%clk 0:06:43]} 85. Rxb6 {[%clk 0:08:49]}
Bxb6 {[%clk 0:06:43]} 86. Kxf6 {[%clk 0:08:49]} Bc5 {[%clk 0:06:37]} 87. Kf7
{[%clk 0:08:13]} Bb4 {[%clk 0:06:21]} 88. f6 {[%clk 0:08:12]} Ba3 {[%clk
0:06:15]} 89. Bf5+ {[%clk 0:08:09]} Kh8 {[%clk 0:06:15]} 90. Kg6 {[%clk 0:08:05]}
Bf8 {[%clk 0:05:45]} 91. Be6 {[%clk 0:08:04]} 1-0

[Event "US Amateur Team West Championship"]
[Site "chess24.com"]
[Date "2020.02.17"]
[Round "4"]
[White "Tang, Michael"]
[Black "Sam, Gabriel"]
[Result "0-1"]
[Board "3"]
[WhiteFideId "30927935"]
[WhiteElo "1719"]
[WhiteCountry "USA"]
[WhiteEloChange "-2"]
[BlackFideId "75000776"]
[BlackElo "2290"]
[BlackCountry "USA"]
[BlackEloChange "2"]

1. e4 {[%clk 2:00:00]} c5 {[%clk 1:59:53]} 2. c3 {[%clk 2:00:00]} Nf6 {[%clk
1:59:47]} 3. e5 {[%clk 2:00:00]} Nd5 {[%clk 1:59:47]} 4. d4 {[%clk 2:00:00]} cxd4
{[%clk 1:59:24]} 5. Nf3 {[%clk 2:00:00]} Nc6 {[%clk 1:58:58]} 6. cxd4 {[%clk
1:59:44]} d6 {[%clk 1:58:14]} 7. Bc4 {[%clk 1:59:23]} Nb6 {[%clk 1:56:47]} 8. Bb5
{[%clk 1:59:11]} dxe5 {[%clk 1:55:16]} 9. Nxe5 {[%clk 1:59:05]} Bd7 {[%clk
1:54:56]} 10. Nxd7 {[%clk 1:56:33]} Qxd7 {[%clk 1:54:53]} 11. Nc3 {[%clk
1:55:27]} e6 {[%clk 1:54:45]} 12. O-O {[%clk 1:55:13]} Be7 {[%clk 1:53:30]} 13.
Be3 {[%clk 1:42:55]} O-O {[%clk 1:52:53]} 14. Rc1 {[%clk 1:34:33]} a6 {[%clk
1:47:56]} 15. Bd3 {[%clk 1:31:25]} Rfd8 {[%clk 1:36:15]} 16. Qf3 {[%clk 1:29:38]}
Bf6 {[%clk 1:15:09]} 17. Ne2 {[%clk 1:08:37]} Rac8 {[%clk 1:05:40]} 18. Qe4
{[%clk 0:55:37]} g6 {[%clk 1:04:54]} 19. Rfd1 {[%clk 0:54:29]} Nd5 {[%clk
0:58:23]} 20. Qf3 {[%clk 0:51:13]} Nce7 {[%clk 0:55:58]} 21. Be4 {[%clk 0:45:37]}
b5 {[%clk 0:50:50]} 22. g3 {[%clk 0:39:15]} a5 {[%clk 0:42:52]} 23. Nc3 {[%clk
0:31:12]} Nxe3 {[%clk 0:38:35]} 24. fxe3 {[%clk 0:31:11]} Bg7 {[%clk 0:36:27]}
25. Ne2 {[%clk 0:00:40]} Rxc1 {[%clk 0:36:27]} 26. Rxc1 {[%clk 0:30:37]} e5
{[%clk 0:36:27]} 27. dxe5 {[%clk 0:18:42]} Bxe5 {[%clk 0:36:27]} 28. b3 {[%clk
0:15:11]} Qd2 {[%clk 0:36:27]} 29. Rc5 {[%clk 0:13:32]} Bg7 {[%clk 0:36:27]} 30.
Kf2 {[%clk 0:11:39]} Qb4 {[%clk 0:36:27]} 31. Rc7 {[%clk 0:07:12]} Rd1 {[%clk
0:36:27]} 32. Kg2 {[%clk 0:06:33]} Be5 {[%clk 0:36:27]} 33. Bd5 {[%clk 0:05:23]}
Rxd5 {[%clk 0:36:27]} 34. Rxe7 {[%clk 0:05:23]} Qxe7 {[%clk 0:36:27]} 35. Qxd5
{[%clk 0:05:23]} Bf6 {[%clk 0:36:27]} 36. Qd3 {[%clk 0:04:52]} Qc5 {[%clk
0:36:27]} 37. Qe4 {[%clk 0:04:31]} Kg7 {[%clk 0:36:27]} 38. a4 {[%clk 0:04:25]}
Qa3 {[%clk 0:36:27]} 39. axb5 {[%clk 0:02:40]} Qxb3 {[%clk 0:36:27]} 40. Qc6
{[%clk 0:02:10]} a4 {[%clk 0:36:27]} 41. b6 {[%clk 0:01:46]} a3 {[%clk 0:36:27]}
42. Nd4 {[%clk 0:00:31]} Qb2+ {[%clk 0:36:27]} 43. Kh3 {[%clk 0:00:31]} a2 {[%clk
0:36:27]} 44. Nc2 {[%clk 0:00:28]} Bc3 {[%clk 0:36:27]} 45. Qa4 {[%clk 0:26:22]}
a1Q {[%clk 0:36:27]} 46. Nxa1 {[%clk 0:26:22]} Qxa1 {[%clk 0:36:27]} 47. Qc6
{[%clk 0:25:52]} Qf1+ {[%clk 0:36:27]} 0-1

[Event "US Amateur Team West Championship"]
[Site "chess24.com"]
[Date "2020.02.17"]
[Round "4"]
[White "Wang, Henry"]
[Black "Wu, Rochelle"]
[Result "1-0"]
[Board "1"]
[WhiteFideId "30927080"]
[WhiteElo "2035"]
[WhiteCountry "USA"]
[WhiteEloChange "10"]
[BlackFideId "30908132"]
[BlackTitle "WIM"]
[BlackElo "2032"]
[BlackCountry "USA"]
[BlackEloChange "-10"]

1. f4 {[%clk 2:00:00]} d5 {[%clk 1:59:20]} 2. Nf3 {[%clk 2:00:00]} Nf6 {[%clk
1:58:06]} 3. g3 {[%clk 2:00:00]} c5 {[%clk 1:57:36]} 4. Bg2 {[%clk 2:00:00]} g6
{[%clk 1:57:15]} 5. O-O {[%clk 1:59:57]} Bg7 {[%clk 1:57:10]} 6. d3 {[%clk
1:59:56]} Nc6 {[%clk 1:56:04]} 7. Qe1 {[%clk 1:59:38]} O-O {[%clk 1:53:23]} 8. e4
{[%clk 1:59:11]} dxe4 {[%clk 1:49:00]} 9. dxe4 {[%clk 1:59:11]} e5 {[%clk
1:45:37]} 10. Nc3 {[%clk 1:54:42]} exf4 {[%clk 1:36:43]} 11. Bxf4 {[%clk
1:51:44]} Bg4 {[%clk 1:32:28]} 12. h3 {[%clk 1:47:22]} Bxf3 {[%clk 1:30:26]} 13.
Rxf3 {[%clk 1:47:21]} Nd4 {[%clk 1:30:24]} 14. Rf2 {[%clk 1:46:53]} Nh5 {[%clk
1:29:32]} 15. Nd5 {[%clk 1:44:36]} Nxf4 {[%clk 1:28:38]} 16. gxf4 {[%clk
1:44:06]} Re8 {[%clk 1:14:51]} 17. Rd1 {[%clk 1:33:27]} Qc8 {[%clk 1:10:56]} 18.
c3 {[%clk 1:31:03]} Nc6 {[%clk 1:09:01]} 19. e5 {[%clk 1:21:16]} f6 {[%clk
0:50:59]} 20. Ne3 {[%clk 1:18:31]} Kh8 {[%clk 0:43:20]} 21. Nc4 {[%clk 1:10:40]}
Qe6 {[%clk 0:32:57]} 22. Nd6 {[%clk 1:03:23]} Re7 {[%clk 0:26:55]} 23. Nxb7
{[%clk 0:59:18]} Rxb7 {[%clk 0:05:39]} 24. Rd6 {[%clk 0:59:09]} Qe7 {[%clk
0:21:34]} 25. Bxc6 {[%clk 0:57:57]} Rb6 {[%clk 0:21:34]} 26. Rfd2 {[%clk
0:45:53]} Rc8 {[%clk 0:18:17]} 27. Rd7 {[%clk 0:39:53]} Qf8 {[%clk 0:13:28]} 28.
e6 {[%clk 0:38:43]} Rbxc6 {[%clk 0:12:59]} 29. e7 {[%clk 0:38:33]} Qe8 {[%clk
0:12:53]} 30. Rd8 {[%clk 0:38:23]} R6c7 {[%clk 0:12:50]} 31. Qe6 {[%clk 0:37:14]}
1-0

[Event "US Amateur Team West Championship"]
[Site "chess24.com"]
[Date "2020.02.17"]
[Round "4"]
[White "Wu, Derek"]
[Black "Cheng, Daniel"]
[Result "1/2-1/2"]
[Board "2"]
[WhiteFideId "30914558"]
[WhiteElo "2105"]
[WhiteCountry "USA"]
[WhiteEloChange "-3"]
[BlackFideId "30940109"]
[BlackElo "2003"]
[BlackCountry "USA"]
[BlackEloChange "3"]

1. d4 {[%clk 2:00:00]} Nf6 {[%clk 2:00:00]} 2. Bg5 {[%clk 2:00:00]} Ne4 {[%clk
1:59:42]} 3. Bf4 {[%clk 1:59:58]} d5 {[%clk 1:59:42]} 4. f3 {[%clk 1:59:42]} Nf6
{[%clk 1:59:04]} 5. e4 {[%clk 1:59:42]} dxe4 {[%clk 1:54:56]} 6. Nc3 {[%clk
1:59:41]} e3 {[%clk 1:45:59]} 7. Qd3 {[%clk 1:59:34]} e6 {[%clk 1:44:36]} 8. Qxe3
{[%clk 1:54:40]} Bb4 {[%clk 1:42:49]} 9. O-O-O {[%clk 1:51:41]} Bxc3 {[%clk
1:26:47]} 10. Qxc3 {[%clk 1:51:41]} Nd5 {[%clk 1:26:47]} 11. Qd2 {[%clk 1:51:41]}
Nxf4 {[%clk 1:26:21]} 12. Qxf4 {[%clk 1:51:41]} Qd6 {[%clk 1:25:15]} 13. Qe3
{[%clk 1:48:33]} Nd7 {[%clk 1:22:15]} 14. f4 {[%clk 1:37:58]} Nf6 {[%clk
1:21:06]} 15. c4 {[%clk 1:36:11]} O-O {[%clk 1:17:25]} 16. Be2 {[%clk 1:33:02]}
Bd7 {[%clk 1:16:26]} 17. Kb1 {[%clk 1:25:36]} Rac8 {[%clk 1:13:03]} 18. h3 {[%clk
1:20:29]} b5 {[%clk 1:10:07]} 19. Nf3 {[%clk 1:16:48]} bxc4 {[%clk 1:07:42]} 20.
Bxc4 {[%clk 1:16:43]} Bc6 {[%clk 0:59:25]} 21. Rd2 {[%clk 1:10:15]} Be4+ {[%clk
0:58:16]} 22. Ka1 {[%clk 1:09:56]} Bxf3 {[%clk 0:58:14]} 23. Qxf3 {[%clk
1:09:03]} Qb4 {[%clk 0:55:43]} 24. Rc2 {[%clk 1:07:52]} Rfd8 {[%clk 0:47:10]} 25.
Rd1 {[%clk 1:02:43]} Qb6 {[%clk 0:44:34]} 26. f5 {[%clk 0:57:24]} Rxd4 {[%clk
0:41:00]} 27. fxe6 {[%clk 0:56:07]} Rxd1+ {[%clk 0:40:41]} 28. Qxd1 {[%clk
0:56:07]} fxe6 {[%clk 0:40:41]} 29. Re2 {[%clk 0:55:32]} Re8 {[%clk 0:40:19]} 30.
g4 {[%clk 0:54:10]} Qc6 {[%clk 0:38:06]} 31. Bb3 {[%clk 0:51:43]} Qd6 {[%clk
0:28:30]} 32. Qxd6 {[%clk 0:50:09]} cxd6 {[%clk 0:28:30]} 33. Rxe6 {[%clk
0:49:32]} Rxe6 {[%clk 0:28:02]} 34. Bxe6+ {[%clk 0:49:32]} Kf8 {[%clk 0:28:02]}
35. b4 {[%clk 0:48:47]} Ke7 {[%clk 0:27:51]} 36. Bc4 {[%clk 0:46:43]} d5 {[%clk
0:24:04]} 37. Bd3 {[%clk 0:44:55]} h6 {[%clk 0:19:12]} 38. Kb2 {[%clk 0:43:27]}
Kd6 {[%clk 0:18:57]} 39. Kc3 {[%clk 0:42:57]} Ke5 {[%clk 0:16:56]} 40. a4 {[%clk
0:41:47]} Ne4+ {[%clk 0:15:25]} 41. Kc2 {[%clk 0:36:13]} Kd4 {[%clk 0:13:44]} 42.
a5 {[%clk 0:34:53]} Nd6 {[%clk 0:11:40]} 1/2-1/2

[Event "US Amateur Team West Championship"]
[Site "chess24.com"]
[Date "2020.02.17"]
[Round "4"]
[White "Ai, Evan"]
[Black "Saikhanchimeg, Tsogtsaikhan"]
[Result "0-1"]
[Board "3"]
[WhiteFideId "2094770"]
[WhiteElo "1794"]
[WhiteCountry "USA"]
[WhiteEloChange "-4"]
[BlackFideId "4901533"]
[BlackElo "2042"]
[BlackCountry "MGL"]
[BlackEloChange "4"]

1. e4 {[%clk 2:00:00]} c5 {[%clk 1:59:38]} 2. Nf3 {[%clk 1:59:48]} e6 {[%clk
1:58:09]} 3. d4 {[%clk 1:59:45]} cxd4 {[%clk 1:58:09]} 4. Nxd4 {[%clk 1:59:43]}
a6 {[%clk 1:58:09]} 5. Bd3 {[%clk 1:59:40]} Nf6 {[%clk 1:58:00]} 6. O-O {[%clk
1:59:36]} Qc7 {[%clk 1:58:00]} 7. c4 {[%clk 1:59:34]} b6 {[%clk 1:52:24]} 8. Be3
{[%clk 1:59:04]} Bb7 {[%clk 1:52:17]} 9. Nc3 {[%clk 1:59:00]} Be7 {[%clk
1:51:23]} 10. Rc1 {[%clk 1:58:47]} d6 {[%clk 1:50:36]} 11. Qe2 {[%clk 1:58:14]}
Nbd7 {[%clk 1:50:22]} 12. Bc2 {[%clk 1:52:31]} O-O {[%clk 1:49:30]} 13. f4 {[%clk
1:41:38]} Rac8 {[%clk 1:47:49]} 14. Bb1 {[%clk 1:38:26]} Qb8 {[%clk 1:41:24]} 15.
f5 {[%clk 1:35:28]} e5 {[%clk 1:28:00]} 16. Nb3 {[%clk 1:35:26]} Qa8 {[%clk
1:12:49]} 17. Nd5 {[%clk 1:32:57]} Bxd5 {[%clk 1:08:15]} 18. cxd5 {[%clk
1:32:55]} Nc5 {[%clk 0:57:39]} 19. Bxc5 {[%clk 1:30:42]} dxc5 {[%clk 0:53:37]}
20. a4 {[%clk 1:30:02]} Qa7 {[%clk 0:46:01]} 21. Bd3 {[%clk 1:29:08]} c4 {[%clk
0:44:18]} 22. Bxc4 {[%clk 1:28:02]} b5+ {[%clk 0:40:13]} 23. Kh1 {[%clk 1:28:02]}
Rxc4 {[%clk 0:39:29]} 24. Rxc4 {[%clk 1:27:59]} bxc4 {[%clk 0:39:29]} 25. Qxc4
{[%clk 1:27:48]} Qe3 {[%clk 0:37:53]} 26. Na5 {[%clk 1:23:35]} Nxe4 {[%clk
0:36:45]} 27. Qc2 {[%clk 1:23:35]} Bc5 {[%clk 0:36:45]} 28. g3 {[%clk 1:23:35]}
Nf2+ {[%clk 0:28:41]} 29. Kg2 {[%clk 1:20:54]} Nd3 {[%clk 0:28:35]} 30. Kh1
{[%clk 1:20:54]} Ne1 {[%clk 0:28:35]} 31. Qc4 {[%clk 1:20:54]} Bd4 {[%clk
0:28:35]} 0-1